Catálogo
 En Linea

Conferencia especviales internacionales sobre "preservación de los recursos naturales : plataforma. (Registro nro. 13765)

Detalles MARC
000 -CABECERA
campo de control de longitud fija 00321nam a2200097 a 4500
005 - FECHA Y HORA DE LA ÚLTIMA TRANSACCIÓN
campo de control 20200929163511.0
008 - DATOS DE LONGITUD FIJA--INFORMACIÓN GENERAL
campo de control de longitud fija 091207s1956 000 spa d
040 ## - FUENTE DE LA CATALOGACIÓN
Centro catalogador/agencia de origen DO-SdBNP
245 #0 - MENCIÓN DE TÍTULO
Título Conferencia especviales internacionales sobre "preservación de los recursos naturales : plataforma.
260 ## - PUBLICACIÓN, DISTRIBUCIÓN, ETC.
Lugar de publicación, distribución, etc. Washington, D. C.,
Fecha de publicación, distribución, etc. 1956.

No hay ítems disponibles.

Con tecnología Koha